Statistiques concernant Les meilleurs buteurs de la Ligue des Champions

Cliquez ici pour prendre le quiz!

Statistiques générales

  • Ce quiz a été pris 606 fois
    (501 depuis la dernière actualisation)
  • Le résultat moyen est 11 sur 20

Statistiques - réponses

JoueurButs% Correct
Cristiano Ronaldo141
100%
Lionel Messi125
100%
Karim Benzema86
95%
Neymar41
86%
Robert Lewandowski86
86%
Raùl71
74%
Thierry Henry51
72%
Zlatan Ibrahimovic49
62%
Thomas Muller52
57%
Didier Drogba44
52%
Sergio Aguero47
45%
Mohamed Salah40
42%
Ruud Van Nistelrooy60
38%
Andriy Shevchenko59
35%
Filippo Inzaghi50
34%
Alfredo Di Stéfano49
30%
Alessandro Del Piero44
27%
Ferenc Puskas35
23%
Eusebio47
15%
Fernando Morientes39
11%

Distribution des résultats

Percentile par nombre de réponses

% des personnes avec chaque résultat

Votre développement - résultats

Vous n’avez pas pris ce quiz depuis la dernière actualisation